[Event "Lesa op-B 3rd"]
[Site "Lesa"]
[Date "2014.09.21"]
[Round "4"]
[White "Gherghel Butan, Maria"]
[Black "Floris, Marco"]
[Result "1-0"]
[WhiteElo "1588"]
[BlackElo "1561"]
[PlyCount "62"]
[EventDate "2014.09.19"]
[EventType "swiss"]
[EventRounds "5"]
[EventCountry "ITA"]
[SourceTitle "EXT 2016"]
[Source "ChessBase"]
[SourceDate "2015.10.08"]
[SourceVersion "1"]
[SourceVersionDate "2015.10.08"]
[SourceQuality "1"]

1. e4 c5 2. Nf3 e6 3. d4 cxd4 4. Nxd4 a6 5. Nc3 g6 6. Be3 Bg7 7. Qd2 Ne7 8. 0-0-0 b5 9. a3 Bb7 10. h4 d5 11. exd5 Nxd5 12. Ndxb5 axb5 13. Bxb5+ Nd7 14. Nxd5 0-0 15. Nb4 Qa5 16. Bd4 e5 17. Bc3 Bxg2 18. Rhg1 Bf3 19. Be2 Bxe2 20. Qxe2 Qc7 21. Nd5 Qb7 22. Qe4 Bh6+ 23. Bd2 Nc5 24. Nf6+ Kg7 25. Bxh6+ Kxh6 26. Ng4+ Kg7 27. Qxe5+ f6 28. Qxc5 Rfc8 29. Qd5 Qc7 30. Qd7+ Qxd7 31. Rxd7+ Kh8 1-0

[Event "Lesa op-B 3rd"]
[Site "Lesa"]
[Date "2014.09.20"]
[Round "3"]
[White "Floris, Marco"]
[Black "Recanatini, Italo"]
[Result "0-1"]
[WhiteElo "1561"]
[BlackElo "1795"]
[PlyCount "91"]
[EventDate "2014.09.19"]
[EventType "swiss"]
[EventRounds "5"]
[EventCountry "ITA"]
[SourceTitle "EXT 2016"]
[Source "ChessBase"]
[SourceDate "2015.10.08"]
[SourceVersion "1"]
[SourceVersionDate "2015.10.08"]
[SourceQuality "1"]

1. e4 d5 2. exd5 Qxd5 3. Nc3 Qa5 4. d4 c6 5. Bd2 Qc7 6. Nf3 Bg4 7. h3 Bxf3 8. Qxf3 e6 9. Na4 Nf6 10. Bf4 Qa5+ 11. Nc3 Nd5 12. Bd2 Bb4 13. Bc4 Bxc3 14. Bxc3 Nxc3 15. bxc3 Nd7 16. 0-0 0-0 17. Rfe1 Rac8 18. Bb3 b5 19. c4 bxc4 20. Bxc4 c5 21. dxc5 Qxc5 22. Bb3 Nf6 23. Qe3 Rfd8 24. Qxc5 Rxc5 25. Rad1 Rxd1 26. Rxd1 Kf8 27. f3 Ke7 28. Rd4 a5 29. Kf2 Nd5 30. Rc4 Kd6 31. Rxc5 Kxc5 32. Bxd5 exd5 33. Ke2 Kc4 34. Kd2 d4 35. a3 h5 36. g3 g5 37. h4 gxh4 38. gxh4 f5 39. f4 a4 40. Kc1 Kc3 41. Kb1 Kd2 42. Kb2 Ke3 43. Kc1 Kxf4 44. Kd2 Kg3 45. c4 dxc3+ 46. Kxc3 0-1